| 000 | 00361 a2200145 4500 | ||
|---|---|---|---|
| 001 | 169701 | ||
| 020 | _a | ||
| 040 | _cMagnum | ||
| 100 | _aVeja | ||
| 240 | 1 | 0 |
_aVeja na sala de aula: lixo bem tratado, planeta reciclado _lpor |
| 245 | 1 | 0 | _aVeja na sala de aula: lixo bem tratado, planeta reciclado |
| 362 | 0 | _a1899 | |
| 697 | _aPARADIDATICOS | ||
| 942 | _cBK | ||
| 999 |
_c169701 _d169701 |
||